LEARNING AND TEACHING (Record no. 19892)

MARC details
000 -LEADER
fixed length control field 00248nam a22001217a 4500
003 - CONTROL NUMBER IDENTIFIER
control field SGT
082 ## - DEWEY DECIMAL CLASSIFICATION NUMBER
Item number KUM
100 ## - MAIN ENTRY--PERSONAL NAME
Personal name KUMAR, SANDEEP
245 ## - TITLE STATEMENT
Title LEARNING AND TEACHING
260 ## - PUBLICATION, DISTRIBUTION, ETC. (IMPRINT)
Place of publication, distribution, etc DELHI
Name of publisher, distributor, etc EDU PUB.
Year of Publication 2016
300 ## - PAGE DESCRIPTION
No. of Pages 165
942 ## - ADDED ENTRY ELEMENTS (KOHA)
Source of classification or shelving scheme Dewey Decimal Classification
Koha item type Books
942 ## - ADDED ENTRY ELEMENTS (KOHA)
-- 3
Holdings
Withdrawn status Lost status Source of classification or shelving scheme Damaged status Not for loan Collection code Home library Current library Shelving location Date acquired SGTU Bill Number Total Checkouts Full call number Accession No. (Barcode) Checked out Date last seen Date last borrowed Bill Date Koha item type
    Dewey Decimal Classification     EDUCATION SGT Engineering Library SGT Engineering Library Text Book 25/04/2020 SGTU 101 2 KUM ED4553 05/06/2026 22/05/2026 22/05/2026 25/04/2020 Books
    Dewey Decimal Classification     EDUCATION SGT Engineering Library SGT Engineering Library Text Book 25/04/2020 SGTU 101 3 KUM ED4554   12/08/2022 12/08/2022 25/04/2020 Books